| 000 | 02540nam a22003017a 4500 | ||
|---|---|---|---|
| 005 | 20110510122240.0 | ||
| 010 | _aB-438081-087 | ||
| 020 |
_c125.00 _a8177143913 |
||
| 035 | _aB-438081-087 | ||
| 037 | _bAllied Pub. | ||
| 082 | _a821 | ||
| 100 |
_aश्रीवास्तव, एकान्त _929297 |
||
| 245 |
_aनागकेसर का देश यहः _cएकान्त श्रीवास्तव _b(लम्बी कविता) / |
||
| 246 |
_aNagkesar ka desh yaha _bby Ekant Srivastava |
||
| 260 |
_aनई दिल्ली _bप्रकाशन संस्थान _c2009 |
||
| 270 |
_a4268-बी/3, अंसारी रोड, दरियागंज _bनई दिल्ली _e110002 |
||
| 300 |
_a143पृ. _c22सेमी. (सजिल्द) |
||
| 700 | _924551 | ||
| 942 |
_2ddc _cHN _mबहार _h821 |
||
| 999 |
_c52291 _d52291 |
||